Subdivision capitals closest to Craiova (RO) - Statistics

General Stats
  • This quiz has been taken 13 times
  • The average score is 10 of 20
Answer Stats
Distance (km) Answer % Correct
19 183 București
100%
20 184 Sofija
80%
4 97 Drobeta-Turnu Severin
60%
17 180 Giurgiu
60%
6 104 Pitești
60%
5 99 Râmnicu Vâlcea
60%
16 167 Sibiu
60%
1 47 Slatina
60%
3 90 Târgu Jiu
60%
10 128 Alexandria
40%
12 138 Bor
40%
14 151 Loveč
40%
7 111 Montana
40%
8 121 Pleven
40%
18 180 Ruse
40%
13 148 Târgoviște
40%
2 82 Vidin
40%
9 126 Vraca
40%
15 161 Pirot
20%
11 129 Zaječar
20%
No matching quizzes found
Score Distribution
Percent of People with Each Score
Percentile by Number Answered
Your Score History
You have not taken this quiz